|
|
|
|
| LEADER |
01260nam a22002537a 4500 |
| 001 |
AAL8541 |
| 003 |
BD-DhAAL |
| 005 |
20190403135319.0 |
| 008 |
160329s 2011bg ||||| |||| 00| 0 ben d |
| 999 |
|
|
|c 37263
|d 37263
|
| 020 |
|
|
|a 9789845040716
|
| 040 |
|
|
|a BD-DhAAL
|c BD-DhAAL
|
| 082 |
|
|
|a 891.4414
|
| 100 |
|
|
|a আশরাফ, কাজী মহম্মদ
|9 18858
|
| 245 |
|
|
|a রবীন্দ্রনাথ :
|b বৃষ্টির কবিতা /
|c কাজী মহম্মদ আশরাফ
|
| 260 |
|
|
|a ঢাকা :
|b মূর্ধণ্য,
|c ২০১১
|
| 300 |
|
|
|a ৮০ পৃ. ;
|c ২১ সে.মি.
|
| 490 |
|
|
|a রবীন্দ্র-স্মারক গ্রন্থমালা
|
| 541 |
|
|
|e 8541
|
| 600 |
|
|
|a Tagore, Rabindranath,
|d 1861-1941.
|9 18830
|
| 852 |
|
|
|a Savar Campus Library
|c General Shelf
|
| 942 |
|
|
|2 ddc
|c BK
|
| 952 |
|
|
|0 0
|1 0
|2 ddc
|4 0
|6 891_000000000000000__4414_ASR
|7 0
|9 58559
|a SCL
|b SCL
|c GEN
|d 2016-03-29
|e Gift: BLC, Savar
|g 120.00
|l 1
|o 891.4414 ASR
|p 3020008541
|r 2025-10-15
|s 2025-10-12
|t 1
|w 2016-03-29
|y BK
|
| 952 |
|
|
|0 0
|1 0
|2 ddc
|4 0
|6 891_000000000000000__4414_ASR
|7 0
|9 62962
|a SCL
|b SCL
|c GEN
|d 2018-03-20
|e Gift: BLC, Savar
|g 120.00
|l 1
|o 891.4414 ASR
|p 3020009573
|r 2018-11-08
|s 2018-11-07
|t Gift: BLC, Savar
|w 2018-03-20
|y BK
|